000 00549nam a2200193 a 4500
001 1771665203072
003 YourLibrary
005 20260221144453.0
008 260221s2002##################000#0#eng##
020 _a9781402004995
082 0 4 _a338.476606
_bSWA
100 1 _aSwanson, Timothy M.,
_eauthor.
245 1 0 _aThe Economics of Managing Biotechnologies :
260 _bSpringer Science & Business Media,
_c2002.
300 _a279 pages
650 0 _aBusiness & Economics.
942 _cENGLISH
040 _aYourLibrary
_beng
_cYourLibrary
999 _c615171
_d615171